000 01210cam a2200313 a 4500
999 _c330506
_d330506
001 16927388
003 NUST
005 20170718133352.0
008 110819s2012 maua b 001 0 eng
010 _a 2011030564
016 7 _a015990934
_2Uk
020 _a9780262516952 (pbk.)
020 _a0262516950 (pbk.)
035 _a(OCoLC)ocn751780324
040 _aDLC
_cDLC
_dYDX
_dUKMGB
_dYDXCP
_dBDX
_dDLC
042 _apcc
050 0 0 _aTP359.H8
_bH633 2012
082 0 0 _a621.042 HOF
_223
100 1 _aHoffmann, Peter,
_d1935-
_93376
245 1 0 _aTomorrow's energy :
_bhydrogen, fuel cells, and the prospects for a cleaner planet /
_cPeter Hoffmann ; foreword by Senator Byron L. Dorgan.
250 _aRev. and expanded ed.
260 _aCambridge, Mass. :
_bMIT Press,
_cc2012.
300 _axii, 367 p. :
_bill. ;
_c23 cm.
500 _aP.B
504 _aIncludes bibliographical references (p. [311]-330) and index.
650 0 _aHydrogen as fuel.
_93377
700 1 _aDorgan, Byron L.
_93378
906 _a7
_bcbc
_corignew
_d1
_eecip
_f20
_gy-gencatlg
942 _2ddc
_cBK
_kIESE